黃阿瑪的後宮生活 : 阿瑪建國史
| 資料類型: | 圖書 | 書目號: | 51641 |
Leader xxxxxxxxxx 001 __ 102487/4/01 005 __ 20171120175606.122 010 0_ |a9789865779870|b平裝|d新臺幣350元 042 __ |anbic 100 __ |a20171120d2015 k y0chiy50 b 101 0_ |achi 102 __ |atw 105 __ |aa z 000by 200 1_ |a黃阿瑪的後宮生活|e阿瑪建國史|f志銘與狸貓作 205 __ |a初版 210 __ |a新北市新店區|c世茂|d2015[民104] 215 0_ |a191面|c彩圖|d21公分 225 12 |a青鳥|v03 517 1_ |a阿瑪建國史|zchi 681 __ |a855|b8363 710 02 |a志銘與狸貓|4作 801 _0 |atw|bLibDipper|c20171120|gCCR |